00449nam a2200157Ia 45000010006000000050017000060080041000230410008000640820013000721000023000852450130001082600009002383000028002476500008002756540008002832107720260306172852.0260306t2011||||xx |||||||||||||| ||spa|| aESP a344bM84 aMontoya, YvaneAUT 0aCríticas al funcionalismo normativista y otros temas actuales del derecho penal:bjornadas internacionales de derecho penal c2011 a224 páginas :c24 cm. aGEN aCDE